Catálogo público

Sistema agroindustrial café en la huasteca potosina / (Record no. 178154)

MARC details
000 -CABECERA
campo de control de longitud fija 01889nam a2200397Ia 4500
001 - NÚMERO DE CONTROL
campo de control dia_7035
003 - IDENTIFICADOR DEL NÚMERO DE CONTROL
campo de control CHAP
005 - FECHA Y HORA DE LA ÚLTIMA TRANSACCIÓN
campo de control 20240514101744.0
007 - CAMPO FIJO DE DESCRIPCIÓN FÍSICA--INFORMACIÓN GENERAL
campo de control de longitud fija ta
008 - DATOS DE LONGITUD FIJA--INFORMACIÓN GENERAL
campo de control de longitud fija 220117s2018 mx adm f 001 0 spa d
040 ## - FUENTE DE LA CATALOGACIÓN
Centro catalogador/agencia de origen mxchpua
Centro/agencia transcriptor CHAP
090 ## - LOCALMENTE ASIGNADO TIPO-LC NÚMERO DE CLASIFICACIÓN (OCLC); NÚMERO DE CLASIFICACIÓN LOCAL (RLIN)
Número de clasificación (OCLC) (R) ; Numero de clasificación, CALL (RLIN) (NR) T.C.757
Número cutter local (OCLC) ; Número de libro/Signatura topográfica íntegra, CALL (RLIN) R58 SAI
Año 2018
245 10 - MENCIÓN DE TÍTULO
Título Sistema agroindustrial café en la huasteca potosina /
Mención de responsabilidad, etc. coordinador Víctor Rivera Salvador ; colaboradores María Guadalupe Alarcón Márquez...[y otros]
260 ## - PUBLICACIÓN, DISTRIBUCIÓN, ETC.
Lugar de publicación, distribución, etc. México :
Nombre del editor, distribuidor, etc. El autor,
Fecha de publicación, distribución, etc. 2018
300 ## - DESCRIPCIÓN FÍSICA
Extensión 83 hojas :
Otras características físicas ilustraciones, tablas, gráficas, diagramas, fotos
336 ## - TIPO DE CONTENIDO
Fuente rdacontent
Término de tipo de contenido texto
Código de tipo de contenido txt
337 ## - TIPO DE MEDIO
Fuente rdamedia
Nombre/término del tipo de medio no mediado
Código del tipo de medio n
338 ## - TIPO DE SOPORTE
Fuente rdacarrier
Nombre/término del tipo de soporte volumen
Código del tipo de soporte nc
500 ## - NOTA GENERAL
Nota general Grado: 6° año Grupo: 02
502 ## - NOTA DE TESIS
Nota de tesis Viaje de Estudios
Tipo de título (SAI) --
Nombre de la institución que otorga el título UACh. Departamento de Ingeniería Agroindustrial,
Año de obtención del título 2018
504 ## - NOTA DE BIBLIOGRAFÍA, ETC.
Nota de bibliografía, etc. Bibliografía: hojas 81-83
505 00 - NOTA DE CONTENIDO CON FORMATO
Nota de contenido con formato Empresas visitadas : --
Título 1.Agencia FIRA ciudad Valles, S.L.P. --<br/>2.Vivero y finca de café en Tampaxal, Aquismón, S.L.P. --<br/>3.Festival de café potosino 2018 --<br/>4.Café Gorah, Xilitla, San Luis Potosi --<br/>5.Benificio de café el esfuerzo Cafetalero, S.P.R. de R.L.--<br/>6.Café Balderas, S.A. de C.V. --<br/>7.Café La Reyna Papatlaco, Temazuchale, S.L.P.
650 13 - PUNTO DE ACCESO ADICIONAL DE MATERIA--TÉRMINO DE MATERIA
Término de materia o nombre geográfico como elemento de entrada Productos de café
9 (RLIN) 162824
Subdivisión geográfica México
-- San Luis Potosí
650 13 - PUNTO DE ACCESO ADICIONAL DE MATERIA--TÉRMINO DE MATERIA
Término de materia o nombre geográfico como elemento de entrada Semillas de café
9 (RLIN) 161690
Subdivisión geográfica México
650 13 - PUNTO DE ACCESO ADICIONAL DE MATERIA--TÉRMINO DE MATERIA
Término de materia o nombre geográfico como elemento de entrada Coffee beans
9 (RLIN) 161682
Subdivisión geográfica Mexico
650 13 - PUNTO DE ACCESO ADICIONAL DE MATERIA--TÉRMINO DE MATERIA
Término de materia o nombre geográfico como elemento de entrada Coffee products
9 (RLIN) 162823
Subdivisión geográfica Mexico
-- San Luis Potosí
700 1# - PUNTO DE ACCESO ADICIONAL--NOMBRE DE PERSONA
Nombre de persona Rivera Salvador, Víctor
9 (RLIN) 152488
Término indicativo de función/relación coordinador
700 1# - PUNTO DE ACCESO ADICIONAL--NOMBRE DE PERSONA
Nombre de persona Alarcón Márquez, María Guadalupe
9 (RLIN) 162825
Término indicativo de función/relación colaborador
856 42 - LOCALIZACIÓN Y ACCESO ELECTRÓNICOS
Identificador Uniforme del Recurso <a href="http://10.13.5.2/ve/TC757SAI/TC757SAI2018-REPORTE.pdf">http://10.13.5.2/ve/TC757SAI/TC757SAI2018-REPORTE.pdf</a>
Texto de enlace DESCARGAR REPORTE
942 ## - ELEMENTOS DE PUNTO DE ACCESO ADICIONAL (KOHA)
Fuente del sistema de clasificación o colocación Clasificación Universidad Autónoma de Chapingo
901 ## - ELEMENTOS DE DATOS A LOCAL LDA (RLIN)
a T.C.757 R58 SAI 2018
902 ## - ELEMENTOS DE DATOS B LOCAL, LDB (RLIN)
a M
905 ## - ELEMENTOS DE DATOS E LOCAL, LDE (RLIN)
a 5232272018 mx mdl 8223123322spa16
942 ## - ELEMENTOS DE PUNTO DE ACCESO ADICIONAL (KOHA)
Tipo de ítem Koha Viaje de Estudios
Holdings
Estado de retiro Estado de pérdida Fuente del sistema de clasificación o colocación Estado dañado Restricciones de uso No para préstamo Código de colección Localización permanente Ubicación/localización actual Fecha de adquisición Fuente de adquisición Total de préstamos Signatura topográfica completa Código de barras Fecha visto por última vez Número de copia Precio válido a partir de Tipo de ítem Koha Ubicación en estantería
    Clasificación Universidad Autónoma de Chapingo   Préstamo interno   Viajes de Estudio Ingenieria Agroindustrial Ingenieria Agroindustrial 18/01/2022 El autor   T.C.757 R58 SAI 2018 1106011855 18/01/2022 Ej.2 18/01/2022 CD  
    Clasificación Universidad Autónoma de Chapingo   Préstamo interno   Viajes de Estudio Ingenieria Agroindustrial Ingenieria Agroindustrial 18/01/2022 El autor   T.C.757 R58 SAI 2018 1106011854 26/01/2026 Ej.1 18/01/2022 Viaje de Estudios  
    Clasificación Universidad Autónoma de Chapingo       Viajes de estudio - En línea Ingenieria Agroindustrial Ingenieria Agroindustrial 18/01/2022 El autor   T.C.757 R58 SAI 2018 1206011854 14/05/2024   14/05/2024 Viajes de Estudio - En línea En línea